Antologie české literatury 20. století k tématům víry

Podrobná bibliografia
Ďalší autori: Jemelka, Jan, 1953- (Ilustrátor)
Médium: Kniha
Jazyk:čeština
Fyzický popis:782 s. ilustr. 24 cm
Vydavateľské údaje: Olomouc Refugium Velehrad-Roma 2015
ISBN:9788074122200 (viaz.)
Vydanie:1. vyd.
Edícia:Současné otázky
Predmet:

MARC

LEADER 00000nam a2200000 a 4500
001 vtls011466102
003 SK-MaSNL
005 20260301220737.0
008 251029s2015 xr a g 000 0dcze
020 |a 9788074122200 (viaz.) 
040 |a SNK  |b slo  |c SNK  |e AACR2 
041 0 |a cze 
044 |a xr  |c CZ 
072 7 |a 821.162.3.09  |x Česká literatúra (o nej)  |2 konspekt 
080 |a 821.162.3  |2 2001 
080 |a 27  |2 2001 
080 |a (082.2)  |2 2001 
245 0 0 |a Antologie české literatury 20. století k tématům víry  |c [kolekci grafik vytvořil Jan Jemelka] 
250 |a 1. vyd. 
260 |a Olomouc  |b Refugium Velehrad-Roma  |c 2015 
300 |a 782 s.  |b ilustr.  |c 24 cm 
490 1 |a Současné otázky  |v 50 
500 |a Publikace vznikla v rámci projektu OP VK Institut interkulturního, mezináboženského a ekumenického výzkumu a dialogu, CZ.1.07/2.3.00/20.0154 
648 7 |a 20. stor.  |2 SNKPH  |9 275975 
648 7 |a 20th century  |2 SNKPHeng  |9 277995 
650 0 7 |a česká literatúra  |2 SNKPH  |9 1178 
650 0 7 |a kresťanská viera  |2 SNKPH  |9 1712 
650 0 7 |a Czech literature  |2 SNKPHeng  |9 270822 
650 0 7 |a Christian faith  |2 SNKPHeng  |9 266204 
655 7 |a antológie  |2 SNKPH  |9 70414 
655 7 |a Anthologies  |2 SNKPHeng  |9 275775 
700 1 |a Jemelka, Jan,  |d 1953-  |4 ill  |9 121511 
830 0 |a Současné otázky  |9 488033 
852 |a Štátna vedecká knižnica v Banskej Bystrici 
919 |a 978-80-7412-220-0 
999 |c 933039  |d 934969 
952 |a SNK  |b SNK  |y VYP  |7 0  |p 17A1123815  |o snkIC 142329  |i snk2016/386  |8 1  |0 0  |1 0  |4 0  |d 2016-01-12  |l 0  |r 2026-02-24 08:54:37  |w 2026-02-24